| 000 | 01160nam0a22002771 4500 | ||
|---|---|---|---|
| 001 | rc\3576212 | ||
| 005 | 20250610043805.0 | ||
| 035 | _a(NLR Aleph) 007694486 | ||
| 090 |
_a6677133 _c6677133 |
||
| 100 | _a20130115d1971 |||y0rusy50 ca | ||
| 101 | 0 | _arus | |
| 102 | _aRU | ||
| 105 | _ay z ||||| | ||
| 200 | 1 |
_aСовременное состояние и перспективы развития производственного аппарата черной металлургии США _fИн-т мировой экономики и междунар. отношений АН СССР. Отд. техн.-экон. исследований |
|
| 210 |
_aМосква _cБ. и. _d1971 |
||
| 215 |
_a77 с. _d20 |
||
| 225 | 1 |
_aИсследование экономики капиталистических стран _vВып. 17 |
|
| 320 | _aБиблиогр. в примеч. | ||
| 333 | _aДля служебного пользования. Экз. № 8 | ||
| 700 | 1 |
_aПахомычев _bВ.Н. |
|
| 701 | 1 |
_aМалахин _bМ.П. |
|
| 801 | 0 |
_aRU _bNLR _gpsbo |
|
| 801 | 1 |
_aRU _bELAR _2rusmarc |
|
| 852 |
_aNLR _jП22/3318 |
||
| 942 | _cBOOK | ||
| 980 | _aNB | ||